Historia de la técnica
Saved in:
| Hovedforfatter: | |
|---|---|
| Format: | Bog |
| Sprog: | spansk |
| Udgivet: |
Ciudad de México
Fondo de Cultura Económica
1958
|
| Fag: | |
| Tags: |
Tilføj Tag
Ingen Tags, Vær først til at tagge denne postø!
|
MARC
| LEADER | 00000nam a2200000 a 4500 | ||
|---|---|---|---|
| 001 | UCU4044 | ||
| 003 | CL-VaPUC | ||
| 008 | 960517e19580000MX |||||||||||||||||spa|d | ||
| 082 | 0 | 4 | |a 609 |b FOR |2 21 |
| 100 | 0 | |a Forbes, R. J |e author |9 361409 | |
| 245 | 1 | 0 | |a Historia de la técnica |
| 300 | |a 389 p | ||
| 942 | |c BK | ||
| 945 | |d 19960517 00:00:00 |a cmena | ||
| 260 | |a Ciudad de México |b Fondo de Cultura Económica |c 1958 | ||
| 650 | 0 | |a Tecnología |9 256742 | |
| 650 | 0 | |a Historia de la tecnología |9 266115 | |
| 650 | 0 | |a Cambio tecnológico |9 334821 | |
| 650 | 7 | |a DESARROLLO EXPERIMENTAL |2 CL-VaPUC |9 361303 | |
| 650 | 0 | |a Maquinaria |9 260482 | |
| 650 | 7 | |a TECNOLOGIA DE LA CONSTRUCCION |2 CL-VaPUC |9 260196 | |
| 583 | |a last modification |c 19960517 00:00:00 |k Rodrigo Vera | ||
| 999 | |c 247871 |d 247869 | ||
| 952 | |0 0 |1 0 |4 0 |6 609_000000000000000_FOR_1958 |7 0 |8 A |9 264075 |a BIBING |b BIBING |d 2019-11-19 |i 1665332 |o 609 FOR 1958 |p 1665332 |r 2025-01-20 |w 2019-11-19 |y BK |k EIE | ||
| 952 | |0 0 |1 0 |4 0 |6 609_000000000000000_FOR_1958 |7 0 |8 A |9 264076 |a BIBHIS |b BIBHIS |d 2019-11-19 |i 1361090 |o 609 FOR 1958 |p 1361090 |r 2025-01-20 |w 2019-11-19 |y BK |k HIS | ||